| 000 | 00896nam a22002297i 4500 | ||
|---|---|---|---|
| 999 |
_c23092 _d23092 |
||
| 003 | AR-CdUCM | ||
| 008 | 241025b20212021 pe||||| |||| 00| 0 spa d | ||
| 040 |
_aMUNICIPALIDAD PROVINCIAL DEL CUSCO _cBIBLIOTECA MUNICIPAL DEL CUSCO |
||
| 041 | _hspa | ||
| 082 |
_a985.632 / C19 _bC19 |
||
| 100 |
_aCalderón Gutiérrez, Ricardo _917889 |
||
| 245 | _aDe bibliotecas, libros, lecturas, museos y festivales. / | ||
| 260 |
_aCusco : _bCopyright _c2021 |
||
| 300 |
_a115 páginas. : _c29 cm. |
||
| 505 | _aComo construir, destruir y reconstruir una biblioteca -- De retorno al pueblo natal -- Las bibliotecas ante el libro electrónico -- La revista llactanchic habló por Ocobamba -- Mamacha candelaria: patrona de Ocobamba | ||
| 650 |
_aLibro _921916 |
||
| 650 |
_aBiblioteca _950714 |
||
| 650 |
_aPoesía _950715 |
||
| 650 |
_aUtopía _926268 |
||
| 942 |
_2ddc _cLIBROS |
||
| 945 |
_apbj _d25-10-2024 |
||